Представление документа в формате MARC21

ПолеНазваниеЗначение
  Тип записи a
  Библиографический уровень m
001 Контрольный номер RU/URAIT/565087
005 Дата корректировки 20260429163658.0
008 Кодируемые данные 260429s2025 RU y f j 000 0 rus u
020 Индекс ISBN __
a ISBN 978-5-534-08527-3
c Цена, тираж 1479.00
040 Источник каталогиз. __
a Служба первич. каталог. ИКО Юрайт
c Служба, преобразующая запись ИКО Юрайт
e Правила каталог. RCR
041 Код языка издания __
a Код языка текста rus
044 Код страны публикации __
a Код страны публикации RU
080 Индекс УДК __
a Индекс УДК 621.384.6(075.8)
084 Индекс другой классификации/Индекс ББК __
2 Источник индекса rubbk
a Индекс другой классификации/Индекс ББК 32.85я73
100 Автор __
a Автор Баев В. К.
q Полное имя Баев Валерий Константинович
245 Заглавие __
a Заглавие Теория колебаний
b Продолж. заглавия учебник для вузов
c Ответственность В. К. Баев.
250 Сведения об издании __
a Основные сведения об издании 2-е изд.
256 Характеристики компьютерного файла __
a Характеристики компьютерного файла Электрон. дан.
260 Выходные данные __
a Место издания Москва
b Издательство Юрайт
c Дата издания 2025
300 Физическое описание __
a Объем 348 с
440 Серия __
a Серия Высшее образование
500 Примечания __
a Примечание URL: https://urait.ru/bcode/565087 (дата обращения: 29.04.2026).
520 Аннотация __
a Аннотация Изложены методы математического моделирования работы электрофизических установок и их узлов, используемых инженерами при их разработках и проектировании. Материал пособия разбит на три части. В первой части рассматриваются методы построения математических моделей систем, а во второй методы их анализа. В третьей части приводятся примеры решения задач с помощью методов теории колебаний.
538 Прим. о системных особенностях __
a Прим. о системных особенностях Режим доступа: Электронно-библиотечная система Юрайт, для авториз. пользователей
653 Ключевые слова __
a Ключевые слова Электротехника, электроника, телекоммуникации
653 Ключевые слова __
a Ключевые слова Технические науки
653 Ключевые слова __
a Ключевые слова Основы теории колебаний
653 Ключевые слова __
a Ключевые слова Теория колебаний
653 Ключевые слова __
a Ключевые слова Аналитическая динамика и теория колебаний
653 Ключевые слова __
a Ключевые слова Теория колебаний и волн
653 Ключевые слова __
a Ключевые слова Теория колебаний и волны
653 Ключевые слова __
a Ключевые слова Основы теории колебаний и волн
856 Электронный адрес документа 40
n Местонахождение сервера Юрайт
g Электронная книга
q Тип электронного формата html
h Имя пользователя ЮРАЙТ
v Часы доступа к ресурсу 20271231
2 Способ доступа Показать документ
x Служебное примечание https://urait.ru/book/cover/C5EFF356-42E9-4BEC-B060-4C7011231D8B
u URL https://urait.ru/bcode/565087
856 Электронный адрес документа 48
q Тип электронного формата cover
u URL https://urait.ru/book/cover/C5EFF356-42E9-4BEC-B060-4C7011231D8B
911 __
u 0030=https://urait.ru/bcode/565087
911 __
u 073a=9785534085273
u 073d=1479.00
911 __
u 106a=s
911 __
u 900l=
952 Тип литературы __
i Дисциплина Основы теории колебаний
952 Тип литературы __
i Дисциплина Теория колебаний
952 Тип литературы __
i Дисциплина Аналитическая динамика и теория колебаний
952 Тип литературы __
i Дисциплина Теория колебаний и волн
952 Тип литературы __
i Дисциплина Теория колебаний и волны
952 Тип литературы __
i Дисциплина Основы теории колебаний и волн